Principles of VLSI and CMOS integrated circuits (Record no. 5467)

MARC details
000 -LEADER
fixed length control field 00532nam a2200169Ia 4500
003 - CONTROL NUMBER IDENTIFIER
control field SGT
020 ## - INTERNATIONAL STANDARD BOOK NUMBER
International Standard Book Number 9788121940009
082 ## - DEWEY DECIMAL CLASSIFICATION NUMBER
Classification number 621.3
Item number JAI
100 ## - MAIN ENTRY--PERSONAL NAME
Personal name Jain,Richa
245 ## - TITLE STATEMENT
Title Principles of VLSI and CMOS integrated circuits
260 ## - PUBLICATION, DISTRIBUTION, ETC. (IMPRINT)
Name of publisher, distributor, etc S.Chand & Company Ltd.
Place of publication, distribution, etc New Delhi
Year of Publication 2012
300 ## - PAGE DESCRIPTION
No. of Pages VPp.
650 ## - SUBJECT ADDED ENTRY--TOPICAL TERM
Topical term or geographic name as entry element ELECTRONICS ENGINEERING
653 ## - KEYWORDS--INDEX TERM
Keyword term REVIEW AND INTRODUCTION TO MOS TECHNOLOGY,TRANSISTOR: BASICS AND FABRICATION,MOS TRANSISTOR THEORY,MOS CIRCUITS AND LOGIC DESIGN
700 ## - ADDED ENTRY--PERSONAL NAME
Personal name Rai,Amrita
942 ## - ADDED ENTRY ELEMENTS (KOHA)
Source of classification or shelving scheme Dewey Decimal Classification
Koha item type Books
Holdings
Withdrawn status Lost status Source of classification or shelving scheme Damaged status Not for loan Home library Current library Date acquired SGTU Total Checkouts Total Renewals Full call number Accession No. (Barcode) Date last seen Date last borrowed Bill Date Koha item type
    Dewey Decimal Classification     SGT Engineering Library SGT Engineering Library 06/11/2012 SGTU 1 1 621.3 JAI FE5302 04/09/2019 09/08/2019 09/02/2015 Books
    Dewey Decimal Classification     SGT Engineering Library SGT Engineering Library 19/03/2013 SGTU     621.3 JAI FE5657 09/02/2015   09/02/2015 Books
    Dewey Decimal Classification     SGT Engineering Library SGT Engineering Library 05/08/2014 SGTU     621.3 JAI FE6336 09/02/2015   09/02/2015 Books